Baldur's Gate 3 Classes + Subclasses - Statistics

General Stats
  • This quiz has been taken 69 times
    66 since last reset
  • The average score is 36 of 70
Answer Stats
Hint Answer % Correct
Class Barbarian
94%
Class Sorcerer
92%
Class Cleric
90%
Class Fighter
90%
Class Paladin
90%
Class Wizard
90%
Class Bard
88%
Class Druid
88%
Class Warlock
88%
Class Ranger
86%
Class Rogue
86%
Class Monk
84%
Subclass Assassin
67%
Subclass Thief
67%
Subclass Wild Magic
67%
Subclass Wild Magic
67%
Subclass Champion
65%
Subclass Light Domain
59%
Subclass Arcane Trickster
57%
Subclass College of Swords
57%
Subclass Death Domain
57%
Subclass Oath of Vengeance
57%
Subclass Battle Master
55%
Subclass Circle of the Moon
55%
Subclass Life Domain
55%
Subclass Way of the Open Hand
55%
Subclass Arcane Archer
53%
Subclass Berserker
53%
Subclass Swashbuckler
53%
Subclass Tempest Domain
53%
Subclass Giant
51%
Subclass Trickery Domain
51%
Subclass War Domain
51%
Subclass Wildheart
51%
Subclass Beast Master
49%
Subclass Oathbreaker
49%
Subclass Eldritch Knight
47%
Subclass Gloom Stalker
47%
Subclass Oath of the Crown
47%
Subclass Way of the Four Elements
47%
Subclass Circle of the Stars
45%
Subclass The Fiend
45%
Subclass The Great Old One
45%
Subclass Circle of the Spores
43%
Subclass Oath of the Ancients
43%
Subclass College of Lore
41%
Subclass Storm Sorcery
41%
Subclass The Hexblade
41%
Subclass Circle of the Land
39%
Subclass Draconic Bloodline
39%
Subclass The Archfey
39%
Subclass Way of the Drunken Master
39%
Subclass Nature Domain
37%
Subclass Oath of Devotion
37%
Subclass College of Glamour
35%
Subclass Hunter
35%
Subclass Knowledge Domain
33%
Subclass Shadow Magic
33%
Subclass College of Valour
31%
Subclass Swarmkeeper
31%
Subclass Way of Shadow
29%
Subclass Abjuration School
27%
Subclass Bladesinging
27%
Subclass Evocation School
27%
Subclass Necromancy School
27%
Subclass Enchantment School
25%
Subclass Illusion School
25%
Subclass Conjuration School
22%
Subclass Divination School
22%
Subclass Transmutation school
22%
No matching quizzes found
Score Distribution
Percent of People with Each Score
Percentile by Number Answered
Your Score History
You have not taken this quiz since the last reset